| 000 | 00000nas##2200000za#4500 |
|---|---|
| 001 | 9.513127 |
| 003 | CaOODSP |
| 005 | 20250509081808 |
| 007 | ta |
| 008 | 150406c1994||||xxc|| m #||||f| |0fre|d |
| 022 | |a0068-7650 |
| 040 | |aCaOODSP|bfre |
| 043 | |an-cn--- |
| 086 | 1 |aM44-1F |
| 110 | 2 |aCommission géologique du Canada. |
| 245 | 10|aRecherches en cours |
| 260 | |aOttawa - Ontario : |bRessources naturelles Canada. |
| 546 | |aAbstract in English |
| 563 | |aCouverture souple |
| 775 | 08|tÉtude |w(CaOODSP)9.509501 |
| 775 | 08|tPaper |w(CaOODSP)9.509500 |